00374 2200145 4500245004600000020002200046250001100068100002000079650001300099005001900112260003900131041001400170084000800184300003600192 aSeni Membaca WajahcClaudia SabrinahText a978-623-7778-16-5 aCet. 2 aClaudia Sabrina aMotivasi a20250915100826 aYogyakartabBright Publisherc2021 aIndonesia a100 aviii + 144 hlm. :c13,5 * 20 cm